Parishes of Jersey - Statistics

General Stats
  • This quiz has been taken 30 times
    16 since last reset
  • The average score is 10 of 12
Answer Stats
Answer % Correct
Saint Brelade
100%
Saint Helier
100%
Saint John
100%
Saint Clement
100%
Saint Ouen
100%
Saint Lawrence
80%
Saint Peter
80%
Saint Mary
80%
Saint Saviour
80%
Saint Martin
80%
Grouville
60%
Trinity
60%
No matching quizzes found
Score Distribution
Percent of People with Each Score
Percentile by Number Answered
Your Score History
You have not taken this quiz since the last reset